|
|
|
|
| LEADER |
00000nam a2200000 a 4500 |
| 001 |
UCP7964 |
| 003 |
CL-VaPUC |
| 008 |
000106e19400000CL |||||||||||||||||spa|d |
| 082 |
0 |
4 |
|a 923.1
|b BER
|2 21
|
| 100 |
0 |
|
|a Bertrand, Louis
|e author
|9 437725
|
| 245 |
1 |
0 |
|a Luis XIV
|
| 300 |
|
|
|a 326 p
|
| 942 |
|
|
|c BK
|
| 945 |
|
|
|d 20000106 00:00:00
|a rherrera
|
| 260 |
|
|
|a Santiago
|b Zig-Zag
|c 1940
|
| 600 |
|
0 |
|a Luis XIV
|d 1638-1715
|z Francia
|9 349629
|
| 650 |
|
0 |
|a Biografías
|9 255210
|
| 650 |
|
7 |
|a REYES
|2 CL-VaPUC
|9 349627
|
| 651 |
|
0 |
|a Francia
|9 255157
|
| 583 |
|
|
|a last modification
|c 20000106 00:00:00
|k Rodrigo Vera
|
| 999 |
|
|
|c 285001
|d 284999
|
| 952 |
|
|
|0 0
|1 0
|4 0
|6 923_100000000000000_BER_1940
|7 0
|8 X
|9 329341
|a BIBHIS
|b BIBHIS
|d 2019-11-20
|i 1376896
|o 923.1 BER 1940
|p 1376896
|r 2024-01-30
|w 2019-11-20
|y BK_X
|k HIS
|